Catálogo
 En Linea

El centenario de Máximo Gómez : (Registro nro. 30047)

Detalles MARC
000 -CABECERA
campo de control de longitud fija 00980nam a2200169 a 4500
001 - NÚMERO DE CONTROL
campo de control 000030555
005 - FECHA Y HORA DE LA ÚLTIMA TRANSACCIÓN
campo de control 20200930062357.0
008 - DATOS DE LONGITUD FIJA--INFORMACIÓN GENERAL
campo de control de longitud fija 110524s1936 dr ac 000 0 spa d
040 ## - FUENTE DE LA CATALOGACIÓN
Centro catalogador/agencia de origen DO-SdBNP
Lengua de catalogación spa
Centro/agencia transcriptor BNPHU
082 ## - NÚMERO DE LA CLASIFICACIÓN DECIMAL DEWEY
Número de clasificación xxxx
Número de documento/Ítem xxxx
245 03 - MENCIÓN DE TÍTULO
Título El centenario de Máximo Gómez :
Resto del título fraternidad dominico-cubana.
260 ## - PUBLICACIÓN, DISTRIBUCIÓN, ETC.
Lugar de publicación, distribución, etc. Ciudad Trujillo, República Dominicana :
Nombre del editor, distribuidor, etc. Imp. Listín Diario,
Fecha de publicación, distribución, etc. 1936.
300 ## - DESCRIPCIÓN FÍSICA
Extensión 25 p. :
Otras características físicas il., retrs. ;
Dimensiones 24 cm.
490 1# - MENCIÓN DE SERIE
Mención de serie Publicaciones de la Secretaria de estado de relaciones exteriores
500 ## - NOTA GENERAL
Nota general Discursos pronunciados por el excelentísimo señor Generalisimo Doctor Rafael L. Trujillo Molina, presidente de la República Dominicana Comandante Enrique Recio, senador de la República de Cuba y presidente de la Misión Especial Cubana. Y Licenciado Victor Garrido, Secretario de Estado de Educación Pública y Bellas Artes de la República Dominicana
830 #0 - PUNTO DE ACCESO ADICIONAL DE SERIE-TÍTULO UNIFORME
Título uniforme Publicaciones de la Secretaria de estado de relaciones exteriores
9 (RLIN) 57169
Existencias
Estado de retiro Estado de pérdida Restricciones de uso No para préstamo Código de colección Localización permanente Ubicación/localización actual Ubicación en estantería Fecha de adquisición Número de inventario Total de préstamos Signatura topográfica completa Código de barras Fecha visto por última vez Precio válido a partir de Tipo de ítem Koha
      Excluido de préstamo Raros y valiosos Patrimonio Dominicano Patrimonio Dominicano Depósito 24.05.2011 LF1   xxxx xxxx 30555-10 25.06.2020 25.06.2020 No se presta

Con tecnología Koha